ბათუმის შოთა რუსთაველის სახელმწიფო უნივერსიტეტის ბიბლიოთეკა

Reader's digest condensed book. (ბიბ.ჩანაწერი № 44797)

000 -LEADER
fixed length control field 00510nam a2200205Ia 4500
001 - CONTROL NUMBER
control field 11602
003 - CONTROL NUMBER IDENTIFIER
control field GE_BSU
008 - FIXED-LENGTH DATA ELEMENTS--GENERAL INFORMATION
fixed length control field 181216s||||||||xx |||||||||||||| ||und||
020 ## - INTERNATIONAL STANDARD BOOK NUMBER
International Standard Book Number 9780276425509
040 ## - CATALOGING SOURCE
Transcribing agency GE_BSU
080 ## - UNIVERSAL DECIMAL CLASSIFICATION NUMBER
Universal Decimal Classification number 821.111-32
245 ## - TITLE STATEMENT
Title Reader's digest condensed book.
245 ## - TITLE STATEMENT
Statement of responsibility, etc. Selected and edited by reader's digest.
260 ## - PUBLICATION, DISTRIBUTION, ETC.
Place of publication, distribution, etc. London
260 ## - PUBLICATION, DISTRIBUTION, ETC.
Name of publisher, distributor, etc. Condensed books division.
260 ## - PUBLICATION, DISTRIBUTION, ETC.
Date of publication, distribution, etc. 2001.
300 ## - PHYSICAL DESCRIPTION
Extent 540p;20cm.
653 ## - INDEX TERM--UNCONTROLLED
Uncontrolled term Reader's digest condensed book.
942 ## - ADDED ENTRY ELEMENTS (KOHA)
Koha item type წიგნი
ეგზემპლარები
Withdrawn status Lost status Damaged status Not for loan Date acquired Barcode Date last seen Price effective from Koha item type
        2018-12-17 35535 2018-12-17 2018-12-17 წიგნი